00424 2200169 4500001002100000005001700021008004100038020001800079035002500097041000700122082001000129090001600139100001300155245002800168260003400196300002400230INLIS0000000000028520:yyyyMMddHHmmss180719||||||||| | ||| |||| || |  a979-518-192-0 a0010-031300000002852 aid0 a629.2 a629.2 DAR m0 adaryanto00aMOTOR BAKAL UNTUK MOBIL aJakartabBINA ADIAKSARAc2003 aviii, 91 hlm, 20 cm